| 000 | 00625nam a22001937a 4500 | ||
|---|---|---|---|
| 005 | 20251108164340.0 | ||
| 008 | 250721s1990 xx 000 0 ara d | ||
| 082 | 1 | 4 | _a691.95/أده |
| 100 | 1 | _aسبع العيش، أدهم | |
| 245 | 1 | 0 | _aدليل مواد العزل الحراري للمباني / |
| 264 | 1 |
_aعمان : _bالجمعيه العلميه الملكيه - مركز بحوث البناء، _c1990. |
|
| 300 | _a259ص | ||
| 650 | 1 | 7 | _aمواد البناء |
| 650 | 1 | 7 | _aالعزل الحراري |
| 700 | 1 | _aعماري، بشر | |
| 700 | 1 | _aالصراف، فلك | |
| 942 |
_2ddc _cBK |
||
| 999 |
_c9946 _d9946 |
||